| 000 | 00466nam a2200181Ia 4500 | ||
|---|---|---|---|
| 008 | 220531s9999 xx 000 0 und d | ||
| 041 | _aeng | ||
| 082 |
_a336.24 _bMEH |
||
| 100 |
_aMehta ,. N. V. _940226 |
||
| 245 | _aIncome-tax Ready Reckoner: Assessment Year 1998-99 | ||
| 250 | _a1ST | ||
| 260 |
_aMumbai _bShri Kuber _c1998 |
||
| 300 | _a352 | ||
| 542 | _d27-01-1999 | ||
| 650 |
_aTaxation _940227 |
||
| 906 |
_d1998-1999 _f6861 |
||
| 999 |
_c24188 _d24188 |
||